| 000 | 01009nam a22002537a 4500 | ||
|---|---|---|---|
| 001 | BRCA_9349 | ||
| 003 | FranzMayer | ||
| 005 | 20230918121532.0 | ||
| 008 | 230828b |||||||| |||| 00| 0 eng d | ||
| 040 |
_aMFM _besp _cMFM |
||
| 050 | 0 |
_aNK1390.K53 _b.T37 2004 |
|
| 110 | 1 |
_4Responsable _aTarosaka Studios _929271 |
|
| 240 |
_aGerd Knäpper _hKeramik und bronze entstanden im feuer _lAlemán |
||
| 245 | 0 |
_aGerd Knäpper _bKeramik und bronze entstanden im feuer |
|
| 260 |
_aMünsterschwarzach, Alemania _bBenedict Press _c2004 |
||
| 300 |
_a103 p _bIlustraciones a color _c30 cm |
||
| 500 | _aAnexo 1 | ||
| 500 | _aEl libro no cuenta con ISBN | ||
| 500 | _aEl libro contiene una hoja dedicatoria colocada al inicio, la misma esta doblada | ||
| 505 | _aTexto: alemánDirigido a: aristas, diseñadores graficaos o cualquier otro tipo de diseñador | ||
| 650 | 1 |
_2Diseño _aHistoria _vSiglo XX _929272 |
|
| 651 | 2 |
_2Diseñadores europeos _aDiseñadores alemanes _vGerd Knäpper _929273 |
|
| 942 |
_2lcc _cB |
||
| 999 |
_c10971 _d10971 |
||